Mechanical metallurgy (Record no. 25704)

000 -LEADER
fixed length control field 00503nam a22001937a 4500
001 - CONTROL NUMBER
control field 25704
003 - CONTROL NUMBER IDENTIFIER
control field BD-DhUET
008 - FIXED-LENGTH DATA ELEMENTS--GENERAL INFORMATION
fixed length control field 150516b xxu||||| |||| 00| 0 eng d
040 ## - CATALOGING SOURCE
Transcribing agency 0
Modifying agency BD-DhUET
082 ## - DEWEY DECIMAL CLASSIFICATION NUMBER
Classification number 669.94
Item number DIE/1961
100 ## - MAIN ENTRY--PERSONAL NAME
Personal name Dieter, E. George
245 ## - TITLE STATEMENT
Title Mechanical metallurgy
250 ## - EDITION STATEMENT
Edition statement 1st ed.
260 ## - PUBLICATION, DISTRIBUTION, ETC. (IMPRINT)
Place of publication, distribution, etc. London
Name of publisher, distributor, etc. McGraw-Hill
Date of publication, distribution, etc. 1961
300 ## - PHYSICAL DESCRIPTION
Extent xix, 615p.
Other physical details ill
490 ## - SERIES STATEMENT
Series statement Metallurgy and metallurgical engineering series
650 #0 - SUBJECT ADDED ENTRY--TOPICAL TERM
Topical term or geographic name as entry element Strength of materials
942 ## - ADDED ENTRY ELEMENTS (KOHA)
Koha item type General Book
Holdings
Koha out on loan Koha date last borrowed Source of classification or shelving scheme Location (home branch) Copy number Sublocation or collection (holding branch) Shelving location Koha normalized classification for sorting Koha item type Damaged status Koha date last seen Piece designation (barcode) Price effective from Koha full call number Koha issues (times borrowed) Lost status Date acquired Not for loan Withdrawn status
   Central Library, BUET1Central Library, BUETCirculation section669_940000000000000_DIE_1961General Book 2015-05-1673802015-05-16669.94/DIE/1961  2015-05-16  
   Central Library, BUET2Central Library, BUETCirculation section669_940000000000000_DIE_1961General Book 2015-05-16204082015-05-16669.94/DIE/1961  2015-05-16  
   Central Library, BUET3Central Library, BUETCirculation section669_940000000000000_DIE_1961General Book 2015-05-16114002015-05-16669.94/DIE/1961  2015-05-16  
   Central Library, BUET4Central Library, BUETCirculation section669_940000000000000_DIE_1961General Book 2015-05-16319522015-05-16669.94/DIE/1961  2015-05-16  
   Central Library, BUET5Central Library, BUETCirculation section669_940000000000000_DIE_1961General Book 2015-05-19319332015-05-19669.94/DIE/1961  2015-05-19  
 2024-03-04 Central Library, BUET6Central Library, BUETCirculation section669_940000000000000_DIE_1961General Book 2024-05-26547042015-05-20669.94/DIE/19612 2015-05-20  
   Central Library, BUET7Central Library, BUETCirculation section669_940000000000000_DIE_1961General Book 2015-05-21244642015-05-21669.94/DIE/1961  2015-05-21  
 2018-08-08 Central Library, BUET8Central Library, BUETCirculation section669_940000000000000_DIE_1961General Book 2018-10-06204072015-05-21669.94/DIE/19611 2015-05-21  
   Central Library, BUET9Central Library, BUETCirculation section669_940000000000000_DIE_1961General Book 2017-03-11319362015-05-23669.94/DIE/1961  2015-05-23  
2025-05-142025-04-30 Central Library, BUET10Central Library, BUETCirculation section669_940000000000000_DIE_1961General Book 2025-04-30319352015-05-23669.94/DIE/19611 2015-05-23  
   Central Library, BUET11Central Library, BUETReading section669_940000000000000_DIE_1961General Book 2015-06-17244632015-06-17669.94/DIE/1961  2015-06-17  
   Central Library, BUET12Central Library, BUETReading section669_940000000000000_DIE_1961Reading Item 2015-06-27360432015-06-27669.94/DIE/1961  2015-06-27